[Event "chess.com Speed 2019"]
[Site "chess.com INT"]
[Date "2019.09.03"]
[Round "1.2"]
[White "Wei Yi"]
[Black "Vachier Lagrave,M"]
[Result "0-1"]
[WhiteElo "2721"]
[BlackElo "2774"]

1.e4 c5 2.Nf3 d6 3.d4 cxd4 4.Nxd4 Nf6 5.Nc3 a6 6.g3 e5 7.Nde2 Be7 8.Bg2 O-O
9.Be3 b5 10.Nd5 Nbd7 11.Nec3 Bb7 12.O-O Rc8 13.a4 Nxd5 14.Nxd5 bxa4 15.Rxa4 Bxd5
16.exd5 a5 17.c3 Nb6 18.Rxa5 Nc4 19.Rb5 Rb8 20.Qb3 Qc7 21.Ra1 Nxe3 22.fxe3 Bg5
23.e4 h5 24.h4 Be3+ 25.Kh2 g6 26.Ra6 Kg7 27.Bf1 Rxb5 28.Qxb5 Rb8 29.Qe2 Bc1
30.b4 Qxc3 31.Rc6 Qa3 32.Qd3 Rxb4 33.Qxa3 Bxa3 34.Bg2 Rb3 35.Rc2 Bc5  0-1

[Event "chess.com Speed 2019"]
[Site "chess.com INT"]
[Date "2019.09.03"]
[Round "1.1"]
[White "Vachier Lagrave,M"]
[Black "Wei Yi"]
[Result "1/2-1/2"]
[WhiteElo "2774"]
[BlackElo "2721"]

1.e4 c5 2.Nf3 d6 3.Bb5+ Bd7 4.Bxd7+ Qxd7 5.c4 Nf6 6.Nc3 g6 7.d4 cxd4 8.Nxd4 Bg7
9.f3 O-O 10.Be3 Nc6 11.O-O a6 12.Qd3 Rac8 13.b3 e6 14.Rad1 Rfd8 15.Nde2 b5
16.cxb5 Ne5 17.Qd2 axb5 18.Bb6 Re8 19.Qxd6 Qxd6 20.Rxd6 b4 21.Nb1 Rc2 22.Rd2 Rec8
23.Be3 Rxd2 24.Nxd2 Rc2 25.Rc1 Rxa2 26.Rc8+ Bf8 27.h3 Nfd7 28.Nd4 Kg7 29.Kf1 Nd3
30.Ke2 N3c5 31.g4 e5 32.Nc6 Nxb3 33.Rd8 Nxd2 34.Bxd2 Nb6 35.Nxe5 b3 36.Rb8 Bc5
37.Nd3 Nc4 38.Nxc5 Rxd2+ 39.Ke1 b2 40.Na4 Rh2 41.Nxb2 Nxb2 42.Rb3 Nc4 43.f4 Nd6
44.Re3 h5 45.g5 Nc4 46.Rd3 Nb2 47.Rb3 Nc4 48.Rd3 Rg2 49.Rd4 Ne3 50.Rd3 Nc2+
51.Kf1 Rh2 52.f5 gxf5 53.exf5 Nb4 54.Rd4 Nc6 55.Rh4 Ne5 56.Rxh5 Nf3 57.g6 fxg6
58.fxg6 Kxg6 59.Rd5 Nd2+ 60.Kg1 Nf3+ 61.Kf1 Nd2+ 62.Kg1 Nf3+ 63.Kf1  1/2-1/2

[Event "TCh-CHN 2019"]
[Site "China CHN"]
[Date "2019.11.21"]
[Round "16.2"]
[White "Peng,Xiongjian"]
[Black "Wei Yi"]
[Result "0-1"]
[WhiteElo "2486"]
[BlackElo "2724"]

1.d4 Nf6 2.g3 d5 3.Bg2 c6 4.Nf3 Bf5 5.c4 e6 6.Nc3 Nbd7 7.Qb3 Qb6 8.c5 Qa6
9.Nh4 Bg6 10.O-O e5 11.Nxg6 hxg6 12.e4 exd4 13.exd5 dxc3 14.Re1+ Kd8 15.dxc6 bxc6
16.Bg5 Bxc5 17.Rad1 Kc8 18.Bxf6 Nxf6 19.Qxf7 Rf8 20.Qb3 Qb6 21.Qxc3 Bxf2+
22.Kh1 Bxe1 23.Rxe1 Rf7 24.Bxc6 Rc7 25.Re6 a5 26.Qf3 Qxb2 27.Qd5 Qc1+ 28.Kg2 Qxc6
29.Qxc6 Rxc6 30.Rxc6+ Kd7 31.Rc5 Ne4 32.Rb5 Nc3 33.Rb7+ Ke6 34.a3 Kf6 35.h4 Rd8
36.g4 Rd2+ 37.Kf3 Rd3+ 38.Kf4 Ne2+ 39.Ke4 Rxa3 40.g5+ Ke6 41.Rb6+ Kf7 42.Rb7+ Kg8
43.Ra7 Ng3+ 44.Ke5 Kh7 45.Ra6 Nh5 46.Kd4 Ra1 47.Kc3 Ra4 48.Kb3 Rxh4  0-1

[Event "PRO League Group Stage"]
[Site "chess.com INT"]
[Date "2020.01.08"]
[Round "1"]
[White "Wei Yi"]
[Black "Tomashevsky,E"]
[Result "1/2-1/2"]
[WhiteElo "2732"]
[BlackElo "2705"]

1.d4 Nf6 2.Nf3 g6 3.c4 Bg7 4.Nc3 d6 5.e4 O-O 6.h3 Na6 7.Be3 c6 8.Rc1 e5 9.d5 Nc5
10.Nd2 a5 11.Be2 Nfd7 12.g4 a4 13.h4 Qa5 14.h5 Rb8 15.Kf1 Nb6 16.g5 Qb4 17.Rc2 Bd7
18.Kg2 a3 19.b3 cxd5 20.Nxd5 Nxd5 21.cxd5 b5 22.Rh4 Rbc8 23.hxg6 hxg6 24.Bg4 Nd3
25.Rxc8 Bxc8 26.Nf3 Bxg4 27.Rxg4 Nf4+ 28.Bxf4 Qxe4 29.Qd2 Rc8 30.Rh4 exf4
31.Rxf4 Qc2 32.Qe3 Rf8 33.Nd4 Qc5 34.Qe4 Qxd4 35.Qxd4 Bxd4 36.Rxd4 Rc8 37.Kf3 Rc2
38.Rb4 Rxa2 39.Rxb5 Rb2 40.b4 Rb3+ 41.Ke2 Rb2+ 42.Ke3 Rb3+ 43.Ke2 Rb2+ 44.Ke3 Rb3+  1/2-1/2

[Event "PRO League Group Stage"]
[Site "chess.com INT"]
[Date "2020.01.08"]
[Round "1"]
[White "Dobrov,V"]
[Black "Wei Yi"]
[Result "1-0"]
[WhiteElo "2478"]
[BlackElo "2732"]

1.d4 Nf6 2.c4 g6 3.g3 c6 4.Bg2 d5 5.e3 Bg7 6.Ne2 O-O 7.O-O dxc4 8.Na3 Be6
9.Qc2 Na6 10.Bd2 Nd5 11.Nxc4 Rc8 12.Rac1 c5 13.dxc5 Rxc5 14.Nd4 Bxd4 15.exd4 Ndb4
16.Qb3 Rxc4 17.Rxc4 b5 18.Rxb4 Bxb3 19.Rxb3 Qxd4 20.Be3 Qd7 21.Ra3 Qe6 22.Rd1 Nb4
23.Rxa7 Rc8 24.h4 h5 25.Kh2 Nc2 26.Bg5 f6 27.Bd5  1-0

[Event "PRO League Group Stage"]
[Site "chess.com INT"]
[Date "2020.01.08"]
[Round "1"]
[White "Wei Yi"]
[Black "Demidov,M"]
[Result "1-0"]
[WhiteElo "2732"]
[BlackElo "2552"]

1.e4 g6 2.d4 Bg7 3.Nc3 a6 4.f4 b5 5.Nf3 Bb7 6.Bd3 d6 7.O-O Nd7 8.Be3 c5 9.dxc5 Nxc5
10.Bxc5 dxc5 11.e5 b4 12.Be4 Qb8 13.Bxb7 Qxb7 14.Qd5 Qxd5 15.Nxd5 O-O-O 16.Rfd1 e6
17.Nb6+ Kc7 18.Rxd8 Kxd8 19.a3 Kc7 20.Nc4 Ne7 21.axb4 cxb4 22.Rxa6 Nc6 23.Ng5 Rf8
24.Nd6 h6 25.Ngxf7 Nd4 26.g3 g5 27.Kf2 gxf4 28.gxf4 Nxc2 29.Kf3 b3 30.Nb5+ Kd7
31.Ke4 Nb4 32.Ra7+ Kc6 33.Nd4+ Kb6 34.Re7 Rc8 35.Nd6 Rc2 36.Rb7+ Ka5 37.Nxb3+ Ka4
38.Nd4  1-0

[Event "PRO League Group Stage"]
[Site "chess.com INT"]
[Date "2020.01.08"]
[Round "1"]
[White "Anisimov,P2"]
[Black "Wei Yi"]
[Result "0-1"]
[WhiteElo "2527"]
[BlackElo "2732"]

1.d4 Nf6 2.Nf3 d5 3.Bf4 Bf5 4.e3 e6 5.Bd3 Bxd3 6.Qxd3 c5 7.c3 Nc6 8.Nbd2 Bd6
9.Bg3 O-O 10.O-O Bxg3 11.hxg3 Qb6 12.Rab1 Rad8 13.b4 c4 14.Qc2 Rfe8 15.b5 Ne7
16.Ne5 Ng6 17.Nxg6 hxg6 18.e4 dxe4 19.Nxc4 Qc7 20.Ne3 e5 21.dxe5 Qxe5 22.Qa4 Qc5
23.Qb4 Qh5 24.Rbd1 Rd3 25.Rxd3 exd3 26.Qd4 Qe2 27.Qxa7 d2 28.Qd4 Re4 29.Qd8+ Kh7
30.c4 g5 31.c5 Ng4 32.Qd5 Rxe3 33.fxe3 Qxe3+ 34.Kh1 Qxg3 35.Qd3+ Qxd3  0-1

[Event "PRO League Group Stage"]
[Site "chess.com INT"]
[Date "2020.01.15"]
[Round "2"]
[White "Andriasian,Z"]
[Black "Wei Yi"]
[Result "1-0"]
[WhiteElo "2611"]
[BlackElo "2732"]

1.e4 e5 2.Nf3 Nc6 3.Bb5 a6 4.Ba4 Nf6 5.d3 Bc5 6.Bxc6 dxc6 7.Nbd2 O-O 8.Nc4 Nd7
9.Rg1 f5 10.exf5 Rxf5 11.Be3 Qe7 12.Qe2 Bb4+ 13.Bd2 Bxd2+ 14.Nfxd2 Nc5 15.O-O-O Qf7
16.Qe3 Nd7 17.Kb1 Rxf2 18.Nf3 b5 19.Qxf2 bxc4 20.Qe3 c3 21.b3 Qe7 22.d4 e4
23.Ne5 Nxe5 24.dxe5 Bg4 25.Rd4 Qxe5 26.Rxe4 Qh5 27.Qxc3 Qxh2 28.Rge1 Bh5
29.Qxc6 Rf8 30.Re7 Bg6 31.Qc3 Rf6 32.Qc4+ Kf8 33.Rxc7  1-0

[Event "PRO League Group Stage"]
[Site "chess.com INT"]
[Date "2020.01.15"]
[Round "2"]
[White "Wei Yi"]
[Black "Chigaev,M"]
[Result "0-1"]
[WhiteElo "2732"]
[BlackElo "2616"]

1.e4 e5 2.Nf3 Nc6 3.Nc3 Nf6 4.Bb5 Bb4 5.O-O O-O 6.d3 Bxc3 7.bxc3 d6 8.Re1 Bd7
9.Rb1 b6 10.d4 Re8 11.Bg5 a6 12.Bxc6 Bxc6 13.d5 Bd7 14.h3 Qe7 15.Bh4 h6 16.Qd2 Kh7
17.c4 Rg8 18.c5 bxc5 19.Qa5 Bc8 20.Nd2 g5 21.Bg3 Nh5 22.Rb3 f5 23.exf5 Bxf5
24.Nc4 Nxg3 25.fxg3 Bxc2 26.Rb7 Rg7 27.Ne3 Bg6 28.Rf1 h5 29.g4 h4 30.Nf5 Bxf5
31.Rxf5 e4 32.Qc3 e3 33.Rf6 Qe4 34.Rxd6 Qd4 35.Qxd4 cxd4 36.Re6 Rd8 37.Re5 d3
38.Rb3 d2 39.Rd3 Rgd7 40.Kf1 c6  0-1

[Event "PRO League Group Stage"]
[Site "chess.com INT"]
[Date "2020.01.15"]
[Round "2"]
[White "Wei Yi"]
[Black "Petrosian,TL"]
[Result "1-0"]
[WhiteElo "2732"]
[BlackElo "2601"]

1.e4 g6 2.d4 Bg7 3.Nc3 d6 4.f4 Nf6 5.Nf3 O-O 6.e5 dxe5 7.fxe5 Nd5 8.Bc4 Nb6
9.Bb3 Nc6 10.a4 Bg4 11.a5 Bxf3 12.gxf3 Nc8 13.Ne2 e6 14.h4 N8e7 15.c3 b6
16.h5 Nxa5 17.hxg6 hxg6 18.Bg5 Nxb3 19.Qxb3 c5 20.O-O-O Qc7 21.Rh3 cxd4 22.Bf6 Nd5
23.Qxd5 exd5 24.Rdh1 Qxe5 25.Rh8+  1-0

[Event "PRO League Group Stage"]
[Site "chess.com INT"]
[Date "2020.01.15"]
[Round "2"]
[White "Sadhwani,Raunak"]
[Black "Wei Yi"]
[Result "1-0"]
[WhiteElo "2522"]
[BlackElo "2732"]

1.e4 c5 2.Nf3 d6 3.d4 cxd4 4.Nxd4 Nf6 5.Nc3 a6 6.Be3 e5 7.Nf3 Be7 8.Bc4 O-O
9.O-O Nc6 10.Bb3 Be6 11.Qe2 Na5 12.Rfd1 Nxb3 13.axb3 Qc7 14.Bg5 Rac8 15.Ne1 Ne8
16.Bxe7 Qxe7 17.Nd5 Bxd5 18.Rxd5 Nc7 19.Rd2 Ne6 20.Rad1 Nd4 21.Qg4 g6 22.b4 h5
23.Qg3 Rc4 24.c3 Nb5 25.Qd3 Qe6 26.Nc2 f5 27.Ne3 Rc7 28.Nd5 Rcf7 29.f3 Kh7
30.Ne3 h4 31.h3 Kg7 32.Qc2 Rc8 33.Qd3 Rcf8 34.Qc2 Rc8 35.Rd5 Rc6 36.R5d3 Rc8
37.Qe2 Rc6 38.Nd5 Rf8 39.Re3 Rf7 40.Qe1 g5 41.Red3 Qg6 42.exf5 Qxf5 43.Ne3 Qg6
44.Ng4 Kh7 45.Nf2 Nc7 46.Ne4 d5 47.Nf2 Re6 48.Re3 Rfe7 49.Nd3 Qf6 50.Nc5 Rc6
51.Nxb7 Kh6 52.Na5 Rce6 53.Nb3 Rc6 54.Rd2 Rd6 55.Rde2 e4 56.fxe4 dxe4 57.Rxe4 Rxe4
58.Rxe4 Ne6 59.Nd4 Nxd4 60.cxd4 Qf5 61.Qe3 Rf6 62.Rxh4+ Kg7 63.Rg4 Kg6 64.Qe4 Rb6
65.d5 Rd6 66.Qxf5+ Kxf5 67.Rd4 Ke5 68.Rd2 Rb6 69.d6 Rxd6 70.Rxd6 Kxd6 71.Kf2 Kd5
72.g3  1-0

[Event "PRO League Group Stage"]
[Site "chess.com INT"]
[Date "2020.01.23"]
[Round "3"]
[White "Wei Yi"]
[Black "Movsesian,S"]
[Result "1-0"]
[WhiteElo "2732"]
[BlackElo "2641"]

1.d4 Nf6 2.c4 g6 3.g3 Bg7 4.Bg2 O-O 5.Nf3 c6 6.O-O d6 7.Nc3 Qb6 8.b3 e5 9.Bb2 e4
10.Ne1 d5 11.Nc2 Be6 12.Na4 Qd8 13.Nc5 Bc8 14.f3 exf3 15.exf3 Re8 16.Qd2 Nbd7
17.Nd3 dxc4 18.bxc4 Nb6 19.Ne3 Rxe3 20.Qxe3 Nxc4 21.Qe2 Nd5 22.Ne5 Nce3 23.Rfe1 Bf5
24.Rac1 Qb6 25.Qf2 Nxg2 26.Kxg2 Rd8 27.Ba3 a5 28.Bc5 Qc7 29.Qb2 Bh6 30.f4 Bg7
31.Re2 h5 32.Qb3 Be6 33.Qb2 Qc8 34.Kg1 h4 35.Rb1 b5 36.Rbe1 Re8 37.Nf3 hxg3
38.hxg3 Rd8 39.Ng5 Bg4 40.Re4 Bf6 41.Qh2 Bh5 42.Qh3 Qb8 43.Qd7 Bxg5 44.Re8+ Kg7
45.Bf8+ Kh8 46.Bh6+ Kh7 47.Qxf7+ Kxh6 48.Qf8+  1-0

[Event "PRO League Group Stage"]
[Site "chess.com INT"]
[Date "2020.01.23"]
[Round "3"]
[White "Rodshtein,M"]
[Black "Wei Yi"]
[Result "0-1"]
[WhiteElo "2628"]
[BlackElo "2732"]

1.c4 c5 2.g3 g6 3.Bg2 Bg7 4.Nc3 Nc6 5.d3 Nf6 6.e4 d6 7.Nge2 Rb8 8.a3 a6 9.Rb1 b5
10.cxb5 axb5 11.b4 O-O 12.O-O cxb4 13.axb4 e5 14.Be3 Ng4 15.Bd2 Be6 16.Nd5 Nf6
17.Bg5 Bxd5 18.exd5 Ne7 19.Nc3 h6 20.Bd2 Nf5 21.Ra1 Nd4 22.Ra5 Qc7 23.Qb1 Rfc8
24.Rc1 Qd7 25.h3 Qf5 26.Re1 Rc7 27.g4 Qc8 28.Qb2 Nd7 29.Kh1 Nb6 30.Rc1 Qd7
31.Be3 Rbc8 32.Ra6 Na4 33.Nxa4 Rxc1+ 34.Bxc1 bxa4 35.Be3 Qb5 36.Ra5 Qxd3
37.Qd2 Qxd2  0-1

[Event "PRO League Group Stage"]
[Site "chess.com INT"]
[Date "2020.01.23"]
[Round "3"]
[White "Wei Yi"]
[Black "Fridman,D"]
[Result "1-0"]
[WhiteElo "2732"]
[BlackElo "2622"]

1.d4 d5 2.c4 e6 3.Nc3 Be7 4.Nf3 Nf6 5.g3 O-O 6.Bg2 dxc4 7.Ne5 c5 8.dxc5 Qc7
9.Nxc4 Qxc5 10.b3 Nc6 11.Ba3 Nb4 12.O-O Rd8 13.Qb1 Qc7 14.Ne4 Nbd5 15.Bb2 Nxe4
16.Bxe4 Nf6 17.Bf3 Qc5 18.Rc1 Qb5 19.a4 Qa6 20.b4 e5 21.Bxe5 Nd5 22.Bd6 Rxd6
23.b5 Qb6 24.Nxb6 axb6 25.e4 Nb4 26.Qxb4  1-0

[Event "PRO League Group Stage"]
[Site "chess.com INT"]
[Date "2020.01.23"]
[Round "3"]
[White "Steinberg,N"]
[Black "Wei Yi"]
[Result "0-1"]
[WhiteElo "2542"]
[BlackElo "2732"]

1.e4 e5 2.Nf3 Nc6 3.Bb5 a6 4.Ba4 Nf6 5.O-O b5 6.Bb3 Bc5 7.Nc3 O-O 8.d3 d6
9.Nd5 Nxd5 10.Bxd5 Bd7 11.Bg5 Qe8 12.c3 Rb8 13.b4 Bb6 14.a4 bxa4 15.Rxa4 Ne7
16.Rxa6 Nxd5 17.exd5 Bb5 18.Ra2 e4 19.c4 exf3 20.Qxf3 Bd7 21.Re2 Qc8 22.Re7 f6
23.Bf4 Re8 24.Rfe1 Rxe7 25.Rxe7 Qf8 26.Re2 Re8 27.h3 Rxe2 28.Qxe2 Qe8 29.Qxe8+ Bxe8
30.Kf1 Kf7 31.Ke2 Ke7 32.Be3 Bxe3 33.fxe3 g5 34.e4 h5 35.g4 hxg4 36.hxg4 Bd7
37.Kf3 Ba4 38.Ke2 Kd7 39.Kd2 Kc8 40.Ke2 Kb7 41.Kd2 Bd7 42.Ke3 Bxg4 43.d4 Bh3
44.c5 Bg2 45.Kd3 Bf3 46.Ke3 Bh1 47.b5 g4 48.Kf4 g3 49.Kxg3 Bxe4 50.Kf4 Bxd5
51.Kf5 Bc4  0-1

[Event "PRO League Group Stage"]
[Site "chess.com INT"]
[Date "2020.01.29"]
[Round "4"]
[White "Gledura,B"]
[Black "Wei Yi"]
[Result "0-1"]
[WhiteElo "2626"]
[BlackElo "2732"]

1.d4 Nf6 2.c4 g6 3.Nc3 d5 4.cxd5 Nxd5 5.e4 Nxc3 6.bxc3 Bg7 7.Bc4 c5 8.Ne2 Nc6
9.Be3 O-O 10.h4 Qa5 11.O-O cxd4 12.cxd4 Qh5 13.f3 Qxh4 14.Qd2 Rd8 15.Rad1 Qf6
16.e5 Qf5 17.Ng3 Qd7 18.f4 Qg4 19.Qf2 Qh4 20.d5 Na5 21.Be2 Bg4 22.Bxa7 Bxe2
23.Nxe2 Qxf2+ 24.Bxf2 Nc4 25.Nc3 g5 26.Bc5 gxf4 27.Rxf4 Nxe5 28.Bxe7 Rdc8
29.Bb4 Nd7 30.Rf3 Rc4 31.a3 Rd8 32.d6 Ne5 33.Rg3 Nc6 34.Nd5 Nxb4 35.axb4 Kf8
36.Rgd3 Rxd6 37.Kf1 Rh4 38.Kf2 Be5 39.b5 Rg6 40.b6 Kg7 41.Ne3 Rf4+ 42.Kg1 Re4
43.Nf5+ Kf6 44.Ne3 Kg5 45.Nd5 Rd6 46.Kf2 f5 47.Kf3 h5 48.R1d2 Rc6 49.Kf2 Rc1
50.Rf3 h4 51.Rfd3 Bg3+ 52.Rxg3+ hxg3+ 53.Kxg3 Rc6 54.Kf3 Rd6  0-1

[Event "PRO League Group Stage"]
[Site "chess.com INT"]
[Date "2020.01.29"]
[Round "4"]
[White "Wei Yi"]
[Black "Banusz,T"]
[Result "1/2-1/2"]
[WhiteElo "2732"]
[BlackElo "2620"]

1.e4 e5 2.Nf3 Nf6 3.Nxe5 d6 4.Nf3 Nxe4 5.Nc3 Nxc3 6.dxc3 Be7 7.Be3 O-O 8.Qd2 Nd7
9.O-O-O Nf6 10.Kb1 c5 11.Bd3 Bd7 12.Rhe1 Re8 13.Bg5 Bc6 14.Qf4 h6 15.Bxf6 Bxf6
16.Rxe8+ Bxe8 17.Be4 Qe7 18.Bd5 Rd8 19.Re1 Qc7 20.Qf5 Bc6 21.Nd2 Re8 22.Ne4 Bd8
23.Bxc6 Qxc6 24.Re2 d5 25.Ng3 Bh4 26.a3 Bxg3 27.Rxe8+ Qxe8 28.hxg3 Qe1+ 29.Ka2 Qe6
30.Qd3 a6 31.b4 Qc6 32.Kb2 h5 33.Qe3 b6 34.Qf3 g6 35.g4 hxg4 36.Qxg4 Kg7
37.Qf4 a5 38.Qe5+ Kg8 39.Qb8+ Kg7 40.Qe5+ Kg8 41.Qb8+ Kg7 42.Qe5+  1/2-1/2

[Event "PRO League Group Stage"]
[Site "chess.com INT"]
[Date "2020.01.29"]
[Round "4"]
[White "Wei Yi"]
[Black "Erdos,V"]
[Result "1/2-1/2"]
[WhiteElo "2732"]
[BlackElo "2621"]

1.Nf3 Nf6 2.c4 c5 3.Nc3 d5 4.cxd5 Nxd5 5.e3 Nxc3 6.dxc3 Qxd1+ 7.Kxd1 Bf5
8.Nd2 Nc6 9.e4 Bg6 10.Kc2 O-O-O 11.f3 e6 12.a4 Bd6 13.Nc4 Bc7 14.Be3 f5 15.Bd3 b6
16.Rad1 Rhf8 17.exf5 Bxf5 18.Be4 Bxe4+ 19.fxe4 Rxd1 20.Rxd1 Ne5 21.Nxe5 Bxe5
22.h3 Kc7 23.b3  1/2-1/2

[Event "PRO League Group Stage"]
[Site "chess.com INT"]
[Date "2020.01.29"]
[Round "4"]
[White "Papp,Ga"]
[Black "Wei Yi"]
[Result "0-1"]
[WhiteElo "2595"]
[BlackElo "2732"]

1.e4 e5 2.Nf3 Nc6 3.Bb5 a6 4.Ba4 Nf6 5.O-O b5 6.Bb3 Bc5 7.d3 d6 8.Nc3 O-O
9.Bg5 h6 10.Bxf6 Qxf6 11.Nd5 Qd8 12.c3 Ba7 13.a4 b4 14.h3 bxc3 15.bxc3 Rb8
16.a5 Ne7 17.Nxe7+ Qxe7 18.Bc4 c6 19.Qa4 Qc7 20.Rab1 Rxb1 21.Rxb1 d5 22.Ba2 Be6
23.Re1 Rb8 24.Qa3 Rb5 25.exd5 Rxa5 26.Qb2 cxd5 27.Nxe5 d4 28.Bxe6 Rxe5 29.Rxe5 Qxe5
30.Bc4 dxc3 31.Qb7 Qe1+ 32.Kh2 Qxf2 33.Qa8+ Kh7 34.Qe4+ f5 35.Qd5 Bb8+  0-1

[Event "PRO League Group Stage"]
[Site "chess.com INT"]
[Date "2020.02.05"]
[Round "5"]
[White "Mamedyarov,S"]
[Black "Wei Yi"]
[Result "0-1"]
[WhiteElo "2770"]
[BlackElo "2732"]

1.Nf3 c5 2.c4 Nc6 3.Nc3 Nf6 4.e3 e6 5.b3 d5 6.cxd5 exd5 7.Bb2 d4 8.Na4 Be7
9.Rc1 dxe3 10.fxe3 Ne4 11.d3 Qa5+ 12.Ke2 Nf6 13.Qd2 Qxd2+ 14.Nxd2 b6 15.d4 Ba6+
16.Ke1 Bxf1 17.Rxf1 Nb4 18.Ke2 cxd4 19.Bxd4 O-O 20.a3 Na6 21.b4 Rac8 22.Nc3 Nc7
23.Nf3 Ne6 24.Nb5 a5 25.Bxf6 Bxf6 26.bxa5 bxa5 27.Rfd1 Rfe8 28.g3 Rxc1 29.Rxc1 g6
30.a4 Rd8 31.Rc4 Rd5 32.Nfd4 Rc5 33.Kd3 Rd5 34.Rc6 Kg7 35.Kc4 Rh5 36.h4 Be5
37.Ne2 g5 38.hxg5 Rxg5 39.Nf4 Bxf4 40.gxf4 Rg3 41.Nd6 Rg1 42.Kb5 h5 43.Kxa5 Kf6
44.Rc8 Re1 45.Nc4 Rc1 46.Kb4 h4 47.Rh8 Rb1+ 48.Kc3 Nc5 49.a5 Rc1+ 50.Kb4 Na6+
51.Kb5 Nc7+ 52.Kb4 Na6+ 53.Ka4 Rb1  0-1

[Event "PRO League Group Stage"]
[Site "chess.com INT"]
[Date "2020.02.05"]
[Round "5"]
[White "Narayanan,SL"]
[Black "Wei Yi"]
[Result "0-1"]
[WhiteElo "2637"]
[BlackElo "2732"]

1.c4 g6 2.Nc3 c5 3.e3 Nf6 4.d4 Bg7 5.d5 O-O 6.e4 d6 7.Bd3 e6 8.Nge2 exd5
9.cxd5 Re8 10.O-O c4 11.Bc2 Na6 12.Be3 Bd7 13.a3 b5 14.f3 Nc5 15.Nd4 Rb8
16.b4 cxb3 17.Nxb3 Nxb3 18.Bxb3 Ng4 19.Bd4 b4 20.Bxg7 Kxg7 21.Qd4+ Qf6 22.Ne2 Bb5
23.Rfe1 Ne5 24.Qe3 Bxe2 25.Qxe2 bxa3 26.Rxa3 Rec8 27.Qe3 Nd7 28.Ba4 Ne5 29.Bb3 Nd7
30.Ba4 Nb6 31.Ra2 Nxa4 32.Rxa4 Rc2 33.e5 dxe5 34.h4 Rbb2 35.Rg4 h5 36.Rg5 Qb6
37.Qxb6 axb6 38.d6 f6 39.Rg3 Rd2 40.Ra1 Rxd6 41.Ra7+ Kh6 42.Ra8 Kg7 43.Ra7+ Kh6
44.Ra8 Rd1+ 45.Kh2 Rbb1 46.Rh3 f5  0-1

[Event "PRO League Group Stage"]
[Site "chess.com INT"]
[Date "2020.02.05"]
[Round "5"]
[White "Wei Yi"]
[Black "Harikrishna,P"]
[Result "1/2-1/2"]
[WhiteElo "2732"]
[BlackElo "2713"]

1.d4 Nf6 2.c4 e6 3.Nf3 b6 4.g3 Ba6 5.Nbd2 Bb7 6.Bg2 c5 7.O-O cxd4 8.Nxd4 Bxg2
9.Kxg2 Nc6 10.Nxc6 dxc6 11.Qc2 Be7 12.b3 O-O 13.Bb2 Qc7 14.Nf3 c5 15.Rad1 Rfd8
16.Ne5 Bd6 17.Nf3 Be7 18.Kg1 h6 19.Ne5 Bd6 20.Nf3 Be7 21.Ne5 Bd6 22.Nf3 Be7  1/2-1/2

[Event "PRO League Group Stage"]
[Site "chess.com INT"]
[Date "2020.02.05"]
[Round "5"]
[White "Wei Yi"]
[Black "Ganguly,S"]
[Result "1-0"]
[WhiteElo "2732"]
[BlackElo "2640"]

1.d4 Nf6 2.c4 e6 3.Nf3 d5 4.Nc3 Bb4 5.Qa4+ Nc6 6.e3 O-O 7.Qc2 Re8 8.Bd2 a6
9.a3 Bd6 10.h3 Bd7 11.Bd3 dxc4 12.Bxc4 h6 13.O-O e5 14.Rae1 e4 15.Nh2 Be6
16.Bxe6 Bxh2+ 17.Kxh2 Qd6+ 18.Kg1 Qxe6 19.Na4 Nd7 20.f3 Rac8 21.Nc3 Qg6 22.fxe4 Nf6
23.Rf4 Re7 24.Ref1 Rce8 25.Rxf6 gxf6 26.Nd5 Re6 27.Nxc7 Nxd4 28.exd4 Rc8
29.Rf4 h5 30.d5 Re5 31.Ba5 Rxd5 32.Nxd5 Rxc2 33.Ne7+  1-0

[Event "PRO League Group Stage"]
[Site "chess.com INT"]
[Date "2020.02.12"]
[Round "6"]
[White "Wei Yi"]
[Black "Dastan,B"]
[Result "1-0"]
[WhiteElo "2732"]
[BlackElo "2572"]

1.e4 c5 2.Nf3 d6 3.d4 cxd4 4.Nxd4 Nf6 5.Nc3 a6 6.h3 e5 7.Nde2 b5 8.Ng3 Nbd7
9.a4 b4 10.Nd5 Nxd5 11.Qxd5 Ra7 12.Be3 Rc7 13.Bc4 Nf6 14.Qd3 Rc6 15.Bd5 Nxd5
16.exd5 Rb6 17.Bxb6 Qxb6 18.a5 Qb7 19.O-O g6 20.f4 Bg7 21.f5 O-O 22.f6 Bh6
23.Ne4 Rd8 24.g4 Bf4 25.Rae1 g5 26.Kg2 h6 27.Qc4 Qb8 28.Rd1 Bd7 29.Qxa6 Bb5
30.Qb6 Bxf1+ 31.Kxf1 Qa8 32.Nxd6 e4 33.Nf5 Kh7 34.Ne7 Rd6 35.Qxb4 Qa6+ 36.c4 Rxf6
37.Nf5 h5 38.d6 e3 39.Rd5 hxg4 40.hxg4 e2+ 41.Kxe2 Re6+ 42.Kd3 Qa7 43.Qb6 Qd7
44.Qc7 Qe8 45.Kc3 Re2 46.Qa7 Be5+ 47.Nd4 Re3+ 48.Kb4 Bg7 49.d7 Qe7+ 50.Qc5 Qd8
51.Qc8 Bf8+ 52.Ka4 Qf6 53.d8=Q Qf2 54.Qf5+ Qxf5 55.Nxf5  1-0

[Event "PRO League Group Stage"]
[Site "chess.com INT"]
[Date "2020.02.12"]
[Round "6"]
[White "Solak,D"]
[Black "Wei Yi"]
[Result "0-1"]
[WhiteElo "2594"]
[BlackElo "2732"]

1.e4 e6 2.d4 d5 3.exd5 exd5 4.Bd3 Bd6 5.Ne2 Ne7 6.Bf4 O-O 7.O-O Bf5 8.c3 c6
9.Re1 Qc7 10.Bxd6 Qxd6 11.Ng3 Bxd3 12.Qxd3 Nd7 13.Nd2 Rae8 14.Re3 Ng6 15.Rae1 Nf6
16.Rxe8 Rxe8 17.Rxe8+ Nxe8 18.Qe3 Qe6 19.Qxe6 fxe6 20.Ne2 e5 21.f3 Nd6 22.Kf2 Kf7
23.g3 Kf6 24.b3 exd4 25.cxd4 Nf8 26.Ke3 Ne6 27.h4 h5 28.g4 g5 29.hxg5+ Kxg5
30.gxh5 Nf5+ 31.Kd3 Kxh5 32.Nf1 Kg5 33.Ne3 Nh4 34.b4 b5 35.Ng1 Kf4 36.Ng4 Ng6
37.Nf6 Kg3 38.Nd7 Ngf4+ 39.Ke3 Ng2+ 40.Kd3 Nef4+ 41.Kd2 Kf2 42.Ne5 Nh4 43.Nxc6 Nf5
44.Nxa7 Nd6 45.Nxb5 Nxb5 46.a4 Nxd4 47.b5 Kxg1 48.Ke3 Nde6 49.b6 d4+ 50.Ke4 d3
51.Ke3 Nc5 52.a5 Kf1 53.b7 Na6  0-1

[Event "PRO League Group Stage"]
[Site "chess.com INT"]
[Date "2020.02.12"]
[Round "6"]
[White "Can,E"]
[Black "Wei Yi"]
[Result "0-1"]
[WhiteElo "2600"]
[BlackElo "2732"]

1.e4 e5 2.Nf3 Nc6 3.Bc4 Bc5 4.c3 Nf6 5.d4 exd4 6.e5 d5 7.Bb5 Ne4 8.cxd4 Bb4+
9.Bd2 Nxd2 10.Nbxd2 O-O 11.O-O Ne7 12.a3 Ba5 13.Nb3 Bb6 14.h3 Bf5 15.Bd3 Qd7
16.Rc1 c6 17.Nh4 Be4 18.Re1 Bxd3 19.Qxd3 Rae8 20.Re3 Ng6 21.Nxg6 fxg6 22.Nc5 Bxc5
23.Rxc5 g5 24.Rc2 Re7 25.b4 a6 26.Rce2 Qe6 27.a4 Ref7 28.b5 axb5 29.axb5 Ra8
30.bxc6 bxc6 31.Rf3 Rxf3 32.Qxf3 Ra1+ 33.Kh2 Qf7 34.Kg3 Rd1 35.Rc2 Rd3  0-1

[Event "PRO League Group Stage"]
[Site "chess.com INT"]
[Date "2020.02.12"]
[Round "6"]
[White "Wei Yi"]
[Black "Yilmaz,M"]
[Result "1/2-1/2"]
[WhiteElo "2732"]
[BlackElo "2607"]

1.Nf3 d5 2.e3 Nf6 3.c4 e6 4.Nc3 dxc4 5.Bxc4 a6 6.b3 b5 7.Be2 Bb7 8.Bb2 Nbd7
9.Qc2 Bd6 10.d3 O-O 11.O-O Qe7 12.a4 c6 13.Rfd1 Rfd8 14.Ne4 Nxe4 15.dxe4 e5
16.Rd3 f6 17.Rad1 Nf8 18.b4 Bc7 19.Bc3 Rxd3 20.Rxd3 Rd8 21.Nd2 Rxd3 22.Qxd3 Bd6
23.Qb1 Bc8 24.axb5 axb5 25.Qb3+ Be6 26.Qa3 c5 27.bxc5 Bxc5 28.Qa5 b4 29.Bb2 Qa7
30.Qxa7 Bxa7 31.Kf1 Nd7 32.Ke1 Nb6 33.Kd1 Na4 34.Kc2 Kf8 35.Bc4 Bxc4 36.Nxc4 b3+
37.Kxb3 Nc5+ 38.Kc2 Nxe4 39.f3 Ng5 40.Ba3+ Kf7 41.Nd6+ Ke6 42.f4 exf4 43.exf4 Bb8
44.fxg5 Bxd6 45.Bxd6 Kxd6 46.gxf6 gxf6 47.Kd3 Ke5 48.Ke3 h5 49.Kf3 Kf5 50.h4 Ke5
51.g4 hxg4+ 52.Kxg4 Ke6 53.h5 Kf7 54.Kf5 Kg7 55.h6+ Kxh6 56.Kxf6  1/2-1/2

[Event "PRO League Group Stage"]
[Site "chess.com INT"]
[Date "2020.02.17"]
[Round "7"]
[White "Le Tuan Minh"]
[Black "Wei Yi"]
[Result "1-0"]
[WhiteElo "2501"]
[BlackElo "2732"]

1.d4 Nf6 2.Nf3 g6 3.Bg5 Bg7 4.Nbd2 O-O 5.c3 d6 6.e4 c5 7.dxc5 dxc5 8.Bc4 Nc6
9.O-O Qc7 10.Qe2 h6 11.Bxf6 exf6 12.Nh4 Kh7 13.f4 b6 14.Rae1 Bb7 15.f5 Ne5
16.Bd5 Rae8 17.Bxb7 Qxb7 18.Nc4 Nxc4 19.Qxc4 h5 20.Nf3 Bh6 21.a4 Bf4 22.Re2 Kg7
23.Rd1 Re7 24.Rd5 Rfe8 25.fxg6 fxg6 26.b3 Qc8 27.g3 Qg4 28.Kg2 Bb8 29.Qd3 Qe6
30.c4 Qg4 31.a5 bxa5 32.Rxc5 Rxe4 33.Rxe4 Qxe4 34.Qxe4 Rxe4 35.Rxa5 Re2+
36.Kf1 Re3 37.Nd4 Be5 38.Rxa7+ Kh6 39.Ne6 Rxb3 40.Nf8 Kg5 41.Rg7 Kg4 42.Nxg6 Kf3
43.Nh4+ Ke4 44.Kg2 Rc3 45.Rh7 Rxc4 46.Rxh5 Bd4 47.Rf5 Rc2+ 48.Kh3 Be5 49.Rf1 Kd5
50.Re1 Rf2 51.Ng2 Ke6 52.Nf4+ Kf5 53.Nd5 Kg5 54.Re4 Kf5 55.Ra4 Rb2 56.Ne3+ Kg5
57.Rg4+  1-0

[Event "PRO League Group Stage"]
[Site "chess.com INT"]
[Date "2020.02.17"]
[Round "7"]
[White "Wei Yi"]
[Black "Nestorovic,N"]
[Result "1-0"]
[WhiteElo "2732"]
[BlackElo "2466"]

1.e4 e5 2.Nf3 Nc6 3.Nc3 Nf6 4.d4 exd4 5.Nxd4 Bb4 6.Nxc6 bxc6 7.Bd3 d5 8.exd5 cxd5
9.O-O O-O 10.Qf3 Rb8 11.Bg5 Be7 12.Bxf6 Bxf6 13.Nxd5 Rxb2 14.Rad1 Bb7 15.Qf5 g6
16.Nxf6+ Kg7 17.Nh5+ Kh6 18.Qf4+ Qg5 19.h4  1-0

[Event "PRO League Group Stage"]
[Site "chess.com INT"]
[Date "2020.02.17"]
[Round "7"]
[White "Wei Yi"]
[Black "Tica,Sven"]
[Result "1-0"]
[WhiteElo "2732"]
[BlackElo "2398"]

1.Nf3 d5 2.c4 e6 3.g3 Nf6 4.Bg2 Be7 5.O-O O-O 6.b3 c5 7.e3 Nc6 8.Bb2 dxc4
9.bxc4 Qc7 10.Nc3 a6 11.Qe2 Rb8 12.a4 Rd8 13.Rad1 Bd7 14.d4 cxd4 15.exd4 Na5
16.Ne5 Be8 17.d5 Bd6 18.dxe6 Bxe5 19.Nd5 Rxd5 20.cxd5 Bxb2 21.Qxb2 fxe6 22.dxe6 b5
23.axb5 Bxb5 24.Rfe1 Nc4 25.Qb4 a5 26.Qc3 Qe7 27.Rb1 a4 28.Qxc4 Bxc4 29.Rxb8+ Ne8
30.Bc6 Kf8 31.Bxa4  1-0